000 00880nam a22001697a 4500
003 OSt
005 20251213133608.0
008 251213b |||||||| |||| 00| 0 eng d
040 _cDCL
082 _a၂၉၄.၃၈၂၄
130 _aတိပိဋက။
_pသုတ္တန္တပိဋက၊
_nအဘိဓမ္မာဘိဋက၊
_tဝိသုဒ္ဓိမဂ္ဂ၊
_sအဋ္ဌကထာ။
245 1 0 _aဝိသုဒ္ဓိမဂ္ဂေါ ဋ္ဌကထာ၊
_nဒုတိယတွဲ။
264 _aရန်ကုန် ၊
_bနိုင်ငံတော်ဗုဒ္ဓသာသနာအဖွဲ့၊
_c၁၉၅၇။
300 _aဃ၊ ၃၈၉ စာမျက်နှာ ၊
_c၂၆ စင်တီ။
650 _aဝိသုဒ္ဓိမဂ်
_vအဋ္ဌကထာ။
942 _2ddc
_cSHORT TERM
_n0
999 _c2693
_d2693